Wellbeing at work: (Record no. 364167)
[ view plain ]
| 000 -LEADER | |
|---|---|
| fixed length control field | 00457nam a2200133Ia 4500 |
| 008 - FIXED-LENGTH DATA ELEMENTS--GENERAL INFORMATION | |
| fixed length control field | 200910s9999 xx 000 0 und d |
| 020 ## - INTERNATIONAL STANDARD BOOK NUMBER | |
| International Standard Book Number | 978-074-94-8068-4 |
| 100 ## - MAIN ENTRY--PERSONAL NAME | |
| Personal name | Hesketh, Ian |
| 245 ## - TITLE STATEMENT | |
| Statement of responsibility, etc | Ian Hesketh, Cary Cooper |
| Title | Wellbeing at work: |
| Remainder of title | how design, implement and evaluate an effective strategy/ |
| 260 ## - PUBLICATION, DISTRIBUTION, ETC. (IMPRINT) | |
| Place of publication, distribution, etc | Quezon City: |
| Name of publisher, distributor, etc | C and E Publishing, Inc. |
| Date of publication, distribution, etc | 2019 |
| 300 ## - PHYSICAL DESCRIPTION | |
| Extent | vii, 169 pages |
| Dimensions | 23 cm. |
| 650 ## - SUBJECT ADDED ENTRY--TOPICAL TERM | |
| Topical term or geographic name as entry element | Job stress |
| 650 ## - SUBJECT ADDED ENTRY--TOPICAL TERM | |
| Topical term or geographic name as entry element | Quality of work life |
| Withdrawn status | Lost status | Damaged status | Home library | Current library | Shelving location | Date acquired | Source of acquisition | Total Checkouts | Full call number | Barcode | Date last seen | Price effective from | Koha item type |
|---|---|---|---|---|---|---|---|---|---|---|---|---|---|
| College Library | College Library | Reserve Section | 09/10/2020 | HF 5548.85 .H584 2019 | C22346 | 09/10/2020 | 09/10/2020 | Books |